Statistics for Capital Cities Starting With "A"

Click here to take the quiz!

General Stats

  • This quiz has been taken 107 times
  • The average score is 12 of 15

Answer Stats

CountryCapital City% Correct
NetherlandsAmsterdam
98%
TurkeyAnkara
93%
GreeceAthens
93%
United Arab EmiratesAbu Dhabi
92%
AlgeriaAlgiers
91%
EthiopiaAddis Ababa
89%
JordanAmman
89%
AndorraAndorra La Vella
84%
NigeriaAbuja
83%
ParaguayAsuncion
80%
GhanaAccra
75%
MadagascarAntananarivo
70%
TurkmenistanAshgabat
69%
SamoaApia
67%
EritreaAsmara
56%

Score Distribution

Percentile by Number Answered

Percent of People with Each Score

Your Score History

You have not taken this quiz